Design of structural steelwork /

Saved in:
Bibliographic Details
Main Author: Knowles, Peter Reginald
Format: Book
Language:English
Published: Glasgow : Surrey University Press, 1987.
Edition:2nd ed.
Subjects:
LEADER 01059nam a2200301 i 4500
001 c000011058
003 CARM
005 00000000000000.0
008 870408s1987 stka b 00110 eng d
015 |a b8718782 
019 1 |a 5335478  |z 26718506  |5 LACONCORD2021 
020 |a 0903384590 (pbk) :  |c 11.95 
035 |a (OCoLC)39796353  |5 LACONCORD2021 
040 |d NSL 
050 0 0 |a TA684 
100 1 |a Knowles, Peter Reginald. 
245 1 0 |a Design of structural steelwork /  |c Peter Knowles. 
250 |a 2nd ed. 
260 |a Glasgow :  |b Surrey University Press,  |c 1987. 
300 |a xi, 196 p. :  |b ill. ;  |c 23 cm. 
500 |a Steel structural components. Design (BNB/PRECIS) 
500 |a Previous ed.: 1977. 
504 |a Includes bibliography and index. 
650 0 |a Steel, Structural. 
852 8 |b CARM  |h A2:AE16B0  |i B00851  |p 0046813  |f BK 
082 0 4 |a 624.1/821  |2 19 
999 f f |i 5483bbb8-294d-549b-99bc-43b9e2f47319  |s fb9feed0-ac6b-52ff-b3f6-f7b13a19a4f5 
952 f f |p Can circulate  |a CAVAL  |b CAVAL  |c CAVAL  |d CARM 1 Store  |e B00851  |f A2:AE16B0  |h Other scheme  |i book  |m 0046813